000 02106nam a2200313Ia 4500
001 G7786
003 IT-RoPAU
008 130308s9999 xx 000 0 und d
040 _aIT-RoPAU
040 _cIT-RoPAU
041 _aITALIANO
100 _aContaldo Alfonso
100 _gCodice Aut. SPICS: 34501
245 _aGiornalismo on-line. Responsabilità e norme per il newsmaking tra internet, telematica e multimedialità
245 _bGiornalismo On-Line. Responsabilita' e norme per Il Newsmaking tra Internet, telematica e Multimedialita'
250 _a1a ed.
260 _aROMA
260 _bCentro Documentaz. Giornalistica
260 _c2001 [1° Ed.:2001 - Ed.Ling.Originale:2001]
300 _a"192 p. (prefazione: no ; testo: 192 [pagine: 0-0])"
500 _a"Prefazione di Giuseppe Corasaniti. internet e Diritto D'Autore: Diritto d'autore e Giornalismo in Internet; Diritto d'autore Sulle Opere Digitali; Diritti di utilizzazione dell'Opera Protetta; Siae e gestione dei Diritti; Diritto d'autore Sulle Opere Multimediali; Rassegne Stampa On Line; Links, ipertesti e Software; Diritto d'autore Sulle pagine Web; Diritto di Riproduzione, Traduzione, Diffusione e Distribuzione. normativa sull'editoria Giornalistica: Applicabilità delle norme Sulla Stampa all'editoria Telematica; registrazione del giornale On Line; pubblicazione in versione telematica di un Quotidiano; Diritto Sul Giornale, Sull'Articolo e Sulla Semplice Notizia; Struttura e regole di Internet; tutela del Nome della Testata e del Dominio; normativa Sulle banche Dati, Sulla tutela della Riservatezza e Sui Datipersonali; Responsabilità Civile e Penale; Responsabilità del Provider, del giornalista e del Direttore. Telelavoro: Unione Europea e Telelavoro; Diverse Fattispecie del Telelavoro; Disciplina normativa Italiana; Giornalismo e Telelavoro: Inquadramento e Riflessioni. Riferimenti Normativi."
650 _aGENERI DI GIORNALISMO
650 _eCodice materia Spics: 7060
700 _aDi Fabio Paolo
700 _gCodice Aut. SPICS: 55694
942 _cBK
957 _71
999 _c94878
_d94878
999 _g1